Historical Knowledge Quiz #1 - Statistics

General Stats
  • This quiz has been taken 43 times
  • The average score is 9 of 15
Answer Stats
Hint Answer % Correct
Who was the leader of the Third Reich during most of the nations history? Adolf Hitler
100%
Who was the first President of the United States? George Washington
98%
Who is the primary writer of the Communist Manifesto? Karl Marx
90%
Before the Ottoman Empire took over Istanbul, the city was known under what name? Constantinople
85%
Sinterklaas and Saint Nicholas are the basis for what festive character? Santa
83%
What is the colonial name of Sri Lanka? Ceylon
71%
In what year was the Battle of Hastings fought? 1066
68%
Temüjin is the birth name of which famous Conqueror? Genghis Khan
59%
The First Reich is more commonly known as the? Holy Roman Empire
44%
Who was the first Prime Minister of India? Jawaharlal Nehru
41%
What country is the predecessor to the Vatican City? Papal States
39%
What territory was purchased by the United States from France? Louisiana Territory
37%
What battle typically marks the start of the American Civil War? Battle of Fort Sumter
27%
How many years was the Philippines colonized by Spain for? 333
10%
In what year was San Marino founded? 301
7%
No matching quizzes found
Score Distribution
Percent of People with Each Score
Percentile by Number Answered
Your Score History
You have not taken this quiz